Villes ayant accueilli l'Euro - Carte quiz - Statistiques

Statistiques générales
  • Ce quiz a été pris 127 fois
  • Le résultat moyen est 50 sur 83
Réponses sur la Carte
Les réponses sont colorées sur une échelle allant du rouge au vert en fonction du pourcentage des utilisateurs qui les ont devinées à leur premier essai. Vous pouvez retrouver ces pourcentages ci-dessous.
 
Statistiques - réponses
Ville % Correct
Paris
100%
Marseille
97%
Barcelone
95%
Bordeaux
95%
Londres
95%
Madrid
95%
Lisbonne
94%
Lyon
94%
Nantes
94%
Nice
94%
Toulouse
94%
Rome
92%
Lille
90%
Liverpool
90%
Porto
90%
Berlin
89%
Manchester
89%
Milan
89%
Saint-Étienne
88%
Munich
86%
Naples
86%
Séville
86%
Turin
84%
Bruxelles
83%
Amsterdam
81%
Lens
80%
Kiev
79%
Berne
77%
Varsovie
76%
Dortmund
75%
Strasbourg
75%
Budapest
73%
Rotterdam
72%
Bucarest
71%
Genève
71%
Solna
71%
Glasgow
69%
Zagreb
68%
Zurich
68%
Saint-Pétersbourg
67%
Hambourg
65%
Copenhague
64%
Florence
63%
Braga
61%
Francfort-sur-le-Main
61%
Birmingham
60%
Liège
60%
Bâle
59%
Belgrade
57%
Newcastle
57%
Leipzig
56%
Malmö
56%
Anvers
55%
Stuttgart
54%
Bruges
53%
Donetsk
51%
Eindhoven
49%
Leeds
49%
Salzbourg
48%
Cologne
46%
Charleroi
38%
Düsseldorf
35%
Göteborg
35%
Faro
34%
Bakou
31%
Kharkiv
31%
Nottingham
29%
Gdańsk
27%
Innsbruck
26%
Poznań
26%
Gelsenkirchen
25%
Hanovre
25%
Sheffield
24%
Lviv
23%
Guimarães
19%
Wrocław
13%
Venise
10%
Aveiro
8%
Klagenfurt
7%
Arnhem
6%
Leiría
5%
Coimbre
3%
Norrköping
3%
Aucun quiz correspondant
Distribution des résultats
% des personnes avec chaque résultat
Percentile par nombre de réponses
Votre historique - résultats
Vous n’avez pas pris ce quiz